Bible Trivia - Statistics

General Stats
  • This quiz has been taken 264 times
    14 since last reset
  • The average score is 9 of 20
Answer Stats
Question Answer % Correct
How many plagues did God send to the Egyptians? 10
86%
Who did Jesus raise from the dead? Lazarus
86%
Who committed the first murder? Cain
71%
Who cut off the Roman guard's ear? Peter
71%
How many days and nights did Jesus fast in the desert? 40
64%
Who laughed when told she would have children? Sarah
64%
How many books are in the Bible? 66
57%
Who wrote the book of Revelation? John
57%
Who was said to be "One after God's own heart"? David
43%
Who was pregnant at the same time as Mary? Elizabeth
43%
What is the 8th book of the Bible? Ruth
43%
Under what, did Jesus find Nathanael under? Fig Tree
36%
What did John the Baptist eat? __ and honey. Locusts
36%
What did the dove bring back to Noah? Olive Branch
36%
Who betrayed Samson by cutting his hair? Delilah
29%
Who was the wisest man of all time? Solomon
29%
Whose voice was taken away by the angel Gabriel? Zechariah
21%
Who was the wee little man? Zacchaeus
14%
What mountain was Abraham going to sacrifice Isaac on? Mount Moriah
7%
What animal was Elisha with when Elijah found him? Ox
7%
No matching quizzes found
Score Distribution
Percent of People with Each Score
Percentile by Number Answered
Your Score History
You have not taken this quiz since the last reset